Agricultural Biotechnology Forentry and Product (Record no. 2111)
[ view plain ]
| 000 -LEADER | |
|---|---|
| fixed length control field | 00353nam a22001337a 4500 |
| 008 - FIXED-LENGTH DATA ELEMENTS--GENERAL INFORMATION | |
| fixed length control field | 250306b |||||||| |||| 00| 0 eng d |
| 020 ## - INTERNATIONAL STANDARD BOOK NUMBER | |
| ISBN | 9789391670528 |
| 100 ## - MAIN ENTRY--AUTHOR | |
| Author | Bhati Harish Pel |
| 245 ## - TITLE STATEMENT | |
| Title | Agricultural Biotechnology Forentry and Product |
| 260 ## - PUBLICATION, DISTRIBUTION, ETC. (IMPRINT) | |
| Place of publication | India |
| Name of publisher | Amiga Press Inc |
| Date of publication | 2022 |
| 300 ## - COLLATION | |
| Pagination | vii,278p |
| 942 ## - ADDED ENTRY ELEMENTS (KOHA) | |
| Item type | Books |
| 050 ## - LIBRARY OF CONGRESS CALL NUMBER | |
| Classification number | SD387.55 |
| Item number | .B43 |
| Source of classification or shelving scheme | Not for loan | Permanent location | Current location | Date acquired | Accession No. | Full call number | Barcode. | Koha item type |
|---|---|---|---|---|---|---|---|---|
| Library of Congress Classification | Samuel Ogbemudia Main Library, University of Abuja | Samuel Ogbemudia Main Library, University of Abuja | 03/06/2025 | 2023/61866 | SD387.55.B43 | 2025-0297 | Books |